| 000 | 02142nam a2200325Ia 4500 | ||
|---|---|---|---|
| 999 |
_c55012 _d55012 |
||
| 001 | 22083 | ||
| 003 | GE_BSU | ||
| 005 | 20221020144042.0 | ||
| 008 | 181216s ||||ge |||||||||||||| ||geo|| | ||
| 020 | _a999-31-13-9 | ||
| 040 | _cGE_BSU | ||
| 041 | _ageo | ||
| 080 | _a821.14'01.09-21 დ-22 | ||
| 100 |
_aდარჩია, ირინე _96263 |
||
| 245 |
_aფერის ფენომენი ბერძნულ ტრაგედიაში / _cირინე დარჩია ; რედ. რ. გორდეზიანი. |
||
| 264 |
_aთბილისი : _bლოგოსი, _c2005. |
||
| 300 | _a393გვ. ; 25სმ. | ||
| 490 | _aპროგრამა "ლოგოსი". პუბლ. და ღონისძ. კლასიკ. ფილოლ., ბიზანტ. და ნეოგრეც. სფეროში | ||
| 504 | _aბიბლიოგრაფია ტექსტების შენიშვნებში და გვ. : 311-325 | ||
| 541 | _h15ლ. | ||
| 546 | _aპარალელური თავფურცელი და რეზიუმე ბერძნული და ინგლისურ ენაზე | ||
| 653 | _aბერძნული ლიტერატურა | ||
| 653 | _aფერთა ძველბერძნული თეორიები | ||
| 653 | _aთანამედროვე თეორიები ძველ საბერძნეთში ფერის აღქმასთან დაკავშირებით | ||
| 653 | _aფერის ფენომენი ბერძნულ ტრაგედიაში | ||
| 653 | _aძველი ბერძნული ლიტერატურის ისტორია და კრიტიკა | ||
| 700 |
_aგორდეზიანი, რ. _eრედაქტორი _915391 |
||
| 710 |
_aთსუ _b კლასიკური ფილოლოგიის ბიზანტიკისა და ნეოგრეცისტიკის ინტიტუტი _915392 |
||
| 942 |
_cBK _2udc |
||